Otec Železiara Vladimír Urban oslavuje sedemdesiatku od geologického prieskumu presedlal k folklóru a nikdy neľutoval

Bibliographic Details
Main Author: Bercik Nitkulincová, Andrea (Author)
Format: Article
Language:Slovak
PhysicalDescription:Fotogr.
ISSN:1336-5320
Subjects:
Online Access:http://kosice.korzar.sme.sk/c/20392392/otec-zeleziara-vladimir-urban-oslavuje-sedemdesiatku.html?piano_t=1

MARC

LEADER 00000nab a2200000 a 4500
001 vtls011596218
003 SK-MaSNL
005 20260410124915.0
008 171110 2016 xo r r 000 0 slo
038 |a KEVKJB 
040 |a KEVKJB  |b slo  |c KEVKJB  |e AACR2 
041 0 |a slo 
044 |a xo  |c SK 
080 |a 398-051  |2 2011 
100 1 |a Bercik Nitkulincová, Andrea  |4 aut  |9 1636627 
245 1 0 |a Otec Železiara Vladimír Urban oslavuje sedemdesiatku  |b od geologického prieskumu presedlal k folklóru a nikdy neľutoval  |c Andrea B. Nitkulincová 
300 |b Fotogr. 
600 1 7 |a Urban, Vladimír,  |d 1946-  |2 kevkjb  |9 244386 
650 0 7 |a osobnosti  |2 snkbucl  |9 29820 
650 0 7 |a folkloristi  |2 kevkjb  |9 59714 
651 7 |a Košice (Slovensko)  |2 kevkjb  |9 18694 
773 0 |t Košický večer  |g Roč. 49, č. 47 (25.11.2016), s. 15  |x 1336-5320 
852 |a KEVKJB  |b KIS3GCP 
856 4 1 |u http://kosice.korzar.sme.sk/c/20392392/otec-zeleziara-vladimir-urban-oslavuje-sedemdesiatku.html?piano_t=1 
958 |a BX 
999 |c 3212717  |d 3214647